Word Ladder: WNBA Teams Quiz Stats

 Plays Quiz Updated Feb 6, 2016

Challenge
Share
Tweet
Embed
Score 0/30 Timer 03:00
1 Play Today
Hint 5-Letter Word % Correct
Wide-eyed gazeSTARE
92.2%
Tire that's reserved for emergenciesSPARE
91.3%
Retail outletSTORE
90.5%
It's tough to be up this without a paddleCREEK
87%
Loose floorboard soundCREAK
86.1%
Zwieback or pumpernickel, e. g. BREAD
85.6%
Boxes or jousts, e. g.SPARS
85.4%
Durst, Flintstone and Armisen, e. g.FREDS
85.1%
Corgi, pug, or beagle, e. g. BREED
85%
Releases from captivityFREES
84.8%
Locates a lost objectFINDS
84.2%
Popular week on Discovery Channel SHARK
83.6%
Monetary penaltiesFINES
83.6%
DJ Alan known as 'the father of rock 'n' roll'FREED
81.5%
B-52s song: 'Love _____'SHACK
80.7%
Hint 5-Letter Word % Correct
● San Antonio WNBA team ●● STARS ●
79.8%
Iron Man alter egoSTARK
78.4%
It's often 'in the mail'CHECK
76.9%
Of even better qualityFINER
76.2%
Be in mortal fear ofDREAD
75.5%
SassinessCHEEK
74.9%
Slang for $5 or £5FIVER
74.4%
Looks after oneselfFENDS
70.5%
Provides victualsFEEDS
70.3%
● Tulsa WNBA team ●● SHOCK ●
63.2%
● Atlanta WNBA team ●● DREAM ●
63%
'Sunshine of Your Love' bandCREAM
62.1%
Block in front of a wheelCHOCK
58.3%
● Seattle WNBA team ●● STORM ●
56.6%
● Indiana WNBA team ●● FEVER ●
41.6%

Today's Daily Dose

You're not logged in!

Compare scores with friends on all Sporcle quizzes.
Join for Free
OR
Log In

You Might Also Like...

Show Comments

Extras

Top Quizzes Today


Score Distribution

Your Account Isn't Verified!

In order to create a playlist on Sporcle, you need to verify the email address you used during registration. Go to your Sporcle Settings to finish the process.

Report this User

Report this user for behavior that violates our Community Guidelines.

Details: